000 01284nam a2200361 i 4500
001 196395
003 ES-MaACL
005 20241012063116.0
007 ta
008 240923s2011 sp a | |||| 000 0 spa
017 _aM 19352-2011
_bOficina Depósito Legal Madrid
020 _a9788477374329
_qv. 1
035 _a(OCoLC)776677901
035 _a(SpMaBN)a5097042
035 _a991031635359708606
040 _aSpMaBN
_bspa
_cSpMaBN
_erdc
_dES-MaACL
080 _a94(460.355 C.)
100 0 _aLomas Salmonte, Francisco Javier
_973171
245 1 0 _aNueva historia de Cádiz.
_nI,
_pAntigüedad /
_cFrancisco Javier Lomas Salmonte.
260 _aMadrid :
_bSílex,
_cD.L. 2011.
300 _a278 p. :
_bil., mapas ;
_c25 cm.
336 _2rdacontent
_atexto
337 _2rdamedia
_asin mediación
338 _2rdacarrier
_avolumen
651 7 _aCádiz-
_xHistoria
_9143770
700 _aBustos Rodríguez, Manuel,
_d1950-
_9238883
852 _aES-MaACL
_cDEPO1
_hDonación: José Manuel Duarte Cendán
_9204094
_jA-15434
903 _9238529
_aDuarte Cendán, José Manuel
_q1
_ednr
942 _n0
_cMONOGRAFIA
999 _c196395
_d196395